01489cas a2200349 4500001000500000005001700005020001800022040010300040050001500143100001900158245007600177250002900253260005700282300004600339500004200385505000800427520018600435521002000621521002000641650004800661650005000709650003300759650002900792650002500821650004600846650006300892650006100955655002801016655004301044655002401087655002801111250220250815152721.0 a9789814281140 aDLCbengcDLCdOCLdNSTdNSDdWAUdOCLCQdCUSdOCLCFdFEMdOCLCQdQQ3dHCOdOCLCOdGUAdZQPdOCLCO00a398.209415 aSmith, Annette00aStone soup /cRetold by Smith, Annette : Illustrated by C Lewis, Naomi  aFirst published in 1998  aSouth Melbourne :bCengage Learning Australia,c1998 c22 cm a32 pages :bColor illustrations ; a"A journal of children's literature." aJ  aA collection of simplified short versions of well known traditional tales. PM Tales and Plays retell the tale in story form and as plays in language that children can actually read. a460 bLexile  aJ bRaz-Plus  0aChildren's writings, AmericanvPeriodicals. 0aChildren's literature, AmericanvPeriodicals. 0aChildren's artvPeriodicals. 1aLiteraturevCollections. 1aChildren's writings. 7aChildren's art.2fast0(OCoLC)fst00855711 7aChildren's literature, American.2fast0(OCoLC)fst00855882 7aChildren's writings, American.2fast0(OCoLC)fst00856835 4aChildren's periodicals. 7aPeriodicals.2fast0(OCoLC)fst01411641 7aPeriodicals.2lcgft 0aChildren's periodicals.